Convergence and divergence of working conditions in Europe : (Record no. 18960)

MARC details
000 -LEADER
campo de control de longitud fija 01071nam a2200301Ia 4500
001 - NÚMERO DE CONTROL
campo de control 027989
008 - DATOS DE LONGITUD FIJA--INFORMACIÓN GENERAL
campo de control de longitud fija 221003s2009 xx 000 0 eng d
020 ## - NÚMERO INTERNACIONAL ESTÁNDAR DEL LIBRO
Número Internacional Estándar del Libro 978-92-897-0846-3
035 ## - NÚMERO DE CONTROL DEL SISTEMA
Número de control de sistema CENDO_18961
041 ## - CÓDIGO DE IDIOMA
Código de lengua del texto/banda sonora o título independiente eng
084 ## - OTRO NÚMERO DE CLASIFICACIÓN
Número de clasificación CD-10017
100 ## - ENTRADA PRINCIPAL--NOMBRE DE PERSONA
Nombre de persona PEÑA-CASAS, Ramón
9 (RLIN) 18918
245 #0 - MENCIÓN DEL TÍTULO
Título Convergence and divergence of working conditions in Europe :
Resto del título 1990-2005 /
Mención de responsabilidad, etc. [Ramón Peña-Casas and Philippe Pochet ; European Social Observatory]
260 ## - PUBLICACIÓN, DISTRIBUCIÓN, ETC.
Lugar de publicación, distribución, etc. Luxemburg :
Nombre del editor, distribuidor, etc. European Foundation for the Improvement of Living and Working Conditions,
Fecha de publicación, distribución, etc. 2009
300 ## - DESCRIPCIÓN FÍSICA
Extensión X, 107 p. :
Otras características físicas il. , tab. , gráf. ;
Dimensiones 30 cm
650 ## - PUNTO DE ACCESO ADICIONAL DE MATERIA--TÉRMINO DE MATERIA
Término de materia o nombre geográfico como elemento de entrada CONDICIONES DE TRABAJO
9 (RLIN) 128
650 #0 - PUNTO DE ACCESO ADICIONAL DE MATERIA--TÉRMINO DE MATERIA
Término de materia o nombre geográfico como elemento de entrada EUROPA
9 (RLIN) 139
700 ## - ENTRADA AGREGADA--NOMBRE PERSONAL
Nombre de persona POCHET, Philippe
9 (RLIN) 4799
710 ## - ENTRADA AGREGADA--NOMBRE DE ENTIDAD CORPORATIVA
Nombre de entidad corporativa o nombre de jurisdicción como elemento de entrada FUNDACION EUROPEA PARA LA MEJORA DE LAS CONDICIONES DE VIDA Y DE TRABAJO
Sede del congreso/Lugar de la reunión Dublín,
Término indicativo de función/relación ed.
9 (RLIN) 13664
710 ## - ENTRADA AGREGADA--NOMBRE DE ENTIDAD CORPORATIVA
Nombre de entidad corporativa o nombre de jurisdicción como elemento de entrada OBSERVTORIO SOCIAL EUROPEO
Sede del congreso/Lugar de la reunión Bruselas,
Término indicativo de función/relación col.
9 (RLIN) 18919
901 ## - ELEMENTOS DE DATOS A LOCAL LDA (RLIN)
a 1
903 ## - ELEMENTOS DE DATOS C LOCAL, LDC (RLIN)
a NO
904 ## - ELEMENTOS DE DATOS D LOCAL, LDD (RLIN)
a 000
953 ## -
-- 2010-07-20
-- MONOGRAFIA
-- CD-10017
910 ## - DATOS DE OPCIÓN DEL USUARIO (OCLC)
Datos de opción del usuario 2009
942 ## - ELEMENTOS DE ENTRADA SECUNDARIOS (KOHA)
Tipo de ítem Koha Monografía
Holdings
Estatus retirado Estado de pérdida Estado de daño No para préstamo Biblioteca de origen Biblioteca actual Fecha de adquisición Total de préstamos Signatura topográfica completa Código de barras Visto por última vez Precio de reemplazo Tipo de ítem Koha
        CENDO CENDO 20/07/2010   CD-10017 CENDO_18961 05/10/2022 05/10/2022 Monografía